[Event "Asia Cities-ch 20th"]
[Site "Bhubaneswar"]
[Date "2017.08.29"]
[Round "6.2"]
[White "Soozankar, Amir Mohammad"]
[Black "Hsu, Hsuan Ming"]
[Result "1-0"]
[WhiteElo "2327"]
[BlackElo "1743"]
[PlyCount "67"]
[EventDate "2017.08.26"]
[EventType "team-swiss"]
[EventRounds "9"]
[EventCountry "IND"]
[SourceTitle "CBM 180 Extra"]
[Source "ChessBase"]
[SourceDate "2017.10.06"]
[SourceVersion "1"]
[SourceVersionDate "2017.10.06"]
[SourceQuality "1"]
[WhiteTeam "Rasht"]
[BlackTeam "Chinese Taipei"]
[WhiteTeamCountry "IRI"]
[BlackTeamCountry "TPE"]

1. d4 Nf6 2. Nc3 d6 3. e4 c6 4. f4 g6 5. Nf3 Bg7 6. e5 dxe5 7. fxe5 Nd5 8. Ne4 Bf5 9. Ng3 Bg4 10. Be2 0-0 11. 0-0 Qc7 12. h3 Bxf3 13. Bxf3 f6 14. exf6 exf6 15. Ne4 Nd7 16. c4 Ne7 17. Be3 Rad8 18. Qb3 Nb6 19. Rad1 Kh8 20. Nc5 Nf5 21. Bf2 Qf7 22. d5 Rfe8 23. Ne6 Rd7 24. Nxg7 Kxg7 25. dxc6 Rxd1 26. Rxd1 bxc6 27. Bxc6 Rc8 28. Bb5 Rc7 29. c5 Qxb3 30. axb3 Nc8 31. Rd7+ Rxd7 32. Bxd7 Nfe7 33. c6 Kf7 34. Bc5 1-0

[Event "Asia Cities-ch 20th"]
[Site "Bhubaneswar"]
[Date "2017.08.26"]
[Round "1.1"]
[White "Rajat, Kumar Sahoo"]
[Black "Soozankar, Amir Mohammad"]
[Result "0-1"]
[WhiteElo "1755"]
[BlackElo "2327"]
[PlyCount "104"]
[EventDate "2017.08.26"]
[EventType "team-swiss"]
[EventRounds "9"]
[EventCountry "IND"]
[SourceTitle "CBM 180 Extra"]
[Source "ChessBase"]
[SourceDate "2017.10.06"]
[SourceVersion "1"]
[SourceVersionDate "2017.10.06"]
[SourceQuality "1"]
[WhiteTeam "Puri"]
[BlackTeam "Rasht"]
[WhiteTeamCountry "IND"]
[BlackTeamCountry "IRI"]

1. d4 Nf6 2. Nf3 g6 3. Bf4 Bg7 4. e3 0-0 5. h3 d6 6. Be2 c5 7. c3 Qb6 8. Qb3 Be6 9. Qxb6 axb6 10. a3 cxd4 11. cxd4 Nd5 12. Bh2 Nb4 13. Kd2 N8c6 14. Nc3 Na5 15. Raf1 Nb3+ 16. Kd1 Nd5 17. Nb5 Rfc8 18. Bd3 Bd7 19. e4 Bxb5 20. Bxb5 Nc7 21. Bd7 Rd8 22. Kc2 Nxd4+ 23. Nxd4 Bxd4 24. Bg4 Nb5 25. Kb3 Bg7 26. Ka2 Nd4 27. Rc1 h5 28. Bd1 Rdc8 29. Rxc8+ Rxc8 30. Bf4 Ne6 31. Bd2 Nc5 32. Bc2 Nd7 33. Bb3 Bd4 34. Rf1 Nf6 35. f3 Kg7 36. Rd1 Nd7 37. Bg5 Bf6 38. Be3 Nc5 39. Bc2 b5 40. Bxc5 Rxc5 41. Bb3 h4 42. Kb1 b4 43. a4 Be5 44. Rf1 Bf4 45. Rd1 Rg5 46. Rd5 Rxg2 47. Rb5 Be5 48. Rxb4 Rxb2+ 49. Kc1 Rh2 50. Rxb7 Rxh3 51. Rxe7 Rxf3 52. Bd1 Rf1 0-1

[Event "Mersin op 1st"]
[Site "Mersin"]
[Date "2016.10.25"]
[Round "4"]
[White "Bacak, Muhammed Kaan"]
[Black "Soozankar, Amir Mohammad"]
[Result "0-1"]
[WhiteElo "1977"]
[BlackElo "2326"]
[PlyCount "158"]
[EventDate "2016.10.23"]
[EventType "swiss"]
[EventRounds "9"]
[EventCountry "TUR"]
[SourceTitle "EXT 2018"]
[Source "ChessBase"]
[SourceDate "2017.10.13"]
[SourceVersion "1"]
[SourceVersionDate "2017.10.13"]
[SourceQuality "1"]

1. d4 Nf6 2. c4 e6 3. Nf3 d5 4. Nc3 c6 5. cxd5 exd5 6. Qc2 g6 7. Bg5 Be7 8. e3 Bf5 9. Bd3 Bxd3 10. Qxd3 Nbd7 11. 0-0 0-0 12. Rab1 a5 13. Qc2 Re8 14. a3 Bd6 15. Na4 Qe7 16. Rfc1 b5 17. Nc5 Nxc5 18. dxc5 Be5 19. a4 b4 20. Rd1 Qc7 21. Nxe5 Qxe5 22. Bxf6 Qxf6 23. Rd4 Re5 24. b3 Rg5 25. Qe2 Re8 26. Rbd1 Qe7 27. Rc1 Qa7 28. Qd3 Rh5 29. h3 Rhe5 30. Rc2 Ra8 31. Rf4 Qe7 32. Rc1 f5 33. Rd4 Kf7 34. Qd1 Ke8 35. Qd3 Ra7 36. Rf4 Qg7 37. Rd1 Qe7 38. Rc1 Kd7 39. Rd4 Kc7 40. Qd1 Ra8 41. Qf3 Re8 42. Qg3 Kb7 43. Qh4 Qg7 44. Qg3 R5e6 45. Qf4 R8e7 46. Rcd1 Qf6 47. Qf3 Re5 48. R1d2 Qf8 49. Rc2 Rd7 50. Qd1 Qe7 51. Qd3 Re4 52. Rc1 Re5 53. Qd1 Rd8 54. Qd2 Rg8 55. Rc2 g5 56. Rc1 h5 57. Qd3 g4 58. hxg4 hxg4 59. g3 Rh8 60. Qd2 Qh7 61. Kf1 Qh1+ 62. Ke2 Qf3+ 63. Kd3 Re4 64. Rxe4 Qxe4+ 65. Ke2 Qf3+ 66. Kd3 Rh2 67. Rf1 Qg2 68. Qd1 Rh7 69. Ke2 Qf3+ 70. Ke1 Qe4 71. Rg1 Rd7 72. Ke2 d4 73. Qd3 Qf3+ 74. Ke1 Kc7 75. Qa6 Kd8 76. Qe2 Qe4 77. exd4 Qb1+ 78. Qd1 Re7+ 79. Kd2 Qb2+ 0-1

[Event "Mersin op 1st"]
[Site "Mersin"]
[Date "2016.10.24"]
[Round "2"]
[White "Evdokimov, Alexander A"]
[Black "Soozankar, Amir Mohammad"]
[Result "1/2-1/2"]
[WhiteElo "2495"]
[BlackElo "2326"]
[PlyCount "75"]
[EventDate "2016.10.23"]
[EventType "swiss"]
[EventRounds "9"]
[EventCountry "TUR"]
[SourceTitle "EXT 2018"]
[Source "ChessBase"]
[SourceDate "2017.10.13"]
[SourceVersion "1"]
[SourceVersionDate "2017.10.13"]
[SourceQuality "1"]

1. d4 d5 2. c4 c6 3. Nf3 Nf6 4. Nbd2 e6 5. g3 Nbd7 6. Bg2 Bd6 7. 0-0 0-0 8. Qc2 b6 9. e4 dxe4 10. Nxe4 Nxe4 11. Qxe4 Bb7 12. Bf4 Nf6 13. Qe3 c5 14. Rad1 Bxf4 15. Qxf4 cxd4 16. Rxd4 Qe7 17. Ne5 Bxg2 18. Kxg2 Rfd8 19. Rfd1 Rxd4 20. Qxd4 h6 21. Qd6 Qxd6 22. Rxd6 Kf8 23. Nc6 Rc8 24. Nxa7 Ra8 25. Nc6 Rxa2 26. Rd8+ Ne8 27. Rd2 g5 28. Kf3 Nf6 29. h3 Ra8 30. b4 Ra3+ 31. Kg2 Ne4 32. Rc2 Rb3 33. f3 Nd6 34. g4 Kg7 35. Kf2 Kf6 36. Kg2 Kg7 37. Kf2 Kf6 38. Kg2 1/2-1/2

[Event "Baku op"]
[Site "Baku"]
[Date "2016.09.23"]
[Round "6"]
[White "Sindarov, Javokhir"]
[Black "Soozankar, Amir Mohammad"]
[Result "1-0"]
[WhiteElo "2415"]
[BlackElo "2329"]
[PlyCount "49"]
[EventDate "2016.09.18"]
[EventType "swiss"]
[EventRounds "9"]
[EventCountry "AZE"]
[SourceTitle "CBM 174 Extra"]
[Source "ChessBase"]
[SourceDate "2016.10.10"]
[SourceVersion "1"]
[SourceVersionDate "2016.10.10"]
[SourceQuality "1"]

1. e4 c5 2. Nc3 Nc6 3. g3 g6 4. Bg2 Bg7 5. d3 e6 6. Be3 Nd4 7. Nh3 Ne7 8. 0-0 0-0 9. Qd2 f5 10. Bh6 fxe4 11. Bxg7 Kxg7 12. dxe4 b6 13. f4 Ba6 14. Rf2 Qc7 15. Re1 Rae8 16. e5 Bb7 17. Bxb7 Qxb7 18. Ne4 Rd8 19. c3 Nb5 20. g4 Nc7 21. Nd6 Qc6 22. Ng5 Nc8 23. f5 exf5 24. gxf5 gxf5 25. Rg2 1-0